000
00293nam a2200121Ia 4500
008
241002s9999 xx 000 0 und d
082
_a
363.7 ODU
100
_a
Odum, Howard T.
245
0
_a
Environment Power & Society
260
_a
New York:
_c
1971
600
_a
Social Sciences
942
_c
UC
999
_c
18547
_d
18547